Statistics for Countries by Area - I

Click here to take the quiz!

General Stats

  • This quiz has been taken 12 times
  • The average score is 7 of 8

Answer Stats

CountryArea (sq. km)% Correct
India3,287,263
100%
Indonesia1,904,556
100%
Iceland103,000
92%
Ireland71,273
92%
Italy301,230
92%
Israel26,990
83%
Iran1,648,000
75%
Iraq437,072
75%

Score Distribution

Percentile by Number Answered

Percent of People with Each Score

Your Score History

You have not taken this quiz